000 00957nam a2200265Ia 4500
008 130821s2006 xxc gr eng
020 _a802085539
020 _a802087477
020 _a9780802085535
020 _a9780802087478
040 _aCo-BoUCM
_bspa
041 0 0 _aeng
100 1 _aDartnell, Michael Y.
_q(Michael York)
_9167575
245 1 0 _aInsurgency online web activism and global conflict
_cMichael Y. Dartnell
260 _aToronto (Ontario, Canadá)
_bUniversity of Toronto Press
_cc2006
300 _axiv, 172 páginas
490 0 _aDigital futures
504 _aIncluye bibliografía e índice general.
650 0 4 _aInternet (Red de computadores)
_vAspectos sociales
_958458
650 0 4 _aInternet (Red de computadores)
_xAspectos políticos
_9128928
650 0 4 _aSociedad de la información
_924722
650 0 4 _aSociología
_9386
942 _cLIBRO
_a5
_e1
_mD226i
_2DEWEY
_h303.4833
999 _c70029
_d70029